00305nam a2200121Ia 4500008004100000082001500041100001800056245003800074250000800112260004000120300000800160650001500168191201s2004 xx 000 0 und d a621.8bJAT aLAL, Jagdish  0aTheory of Mechanisms and Machines a2nd aN.DelhibMetropolitan Book Coc2004 a975 aB.Tech(ME)